Literary Grandfathers Quiz Stats

Quiz Updated Sep 24, 2017

Also try: TV Grandparents
Challenge
Share
Tweet
Embed
Score 0/16 Timer 05:00
0 Plays Today
% Correct
Vito Corleone
91.3%
Grandpa Joe
85.6%
Tywin Lannister
85.1%
Augustus
82.7%
Harry 'Rabbit' Angstrom
76.9%
Kunta Kinte
76.3%
Old Jolyon Forsyte
74.6%
William James Joad
72.6%
% Correct
Charlie Swan
65.5%
José Arcadio Buendía
61.5%
Baron Vladimir Harkonnen
49.4%
Padraic 'Paddy' Cleary
41.6%
Esteban Trueba
38.3%
Jason Compson III
33.1%
Archie Jones
32.7%
Alfred Lambert
29.5%

You're not logged in!

Compare scores with friends on all Sporcle quizzes.
Sign Up with Email
OR
Log In

You Might Also Like...

Show Comments

Extras

Top Quizzes Today


Score Distribution

Your Account Isn't Verified!

In order to create a playlist on Sporcle, you need to verify the email address you used during registration. Go to your Sporcle Settings to finish the process.